Statystyki dla Czy znasz flagi w F1.

Kliknij tutaj aby rozwiązać quiz!

Ogólne statystyki

  • Ten quiz został rozwiązany 39 razy
  • Średni wynik to 9 z 11

Statystyki odpowiedzi

ZagadnienieOdpowiedź% Poprawnych
Co oznacza Niebieska Flaga?Informuje o dublowaniu.
100%
Co oznacza Żółta Flaga?Niebezpieczeństwo na torze.
100%
Co oznacza Zielona Flaga?Start/Restart wyścigu.
94%
Co oznacza Zielone Światło?Start wyścigu.
94%
Co oznacza Czarna Flaga?Dyskwalifikacja pojazdu.
92%
Co oznacza Flaga w Kratkę?Koniec wyścigu.
92%
Co oznacza Czerwona Flaga?Przerwanie wyścigu.
92%
Co oznacza Czerwone Światło?Zapala się na dwie do pięciu sekund do momentu rozpoczęcia wyścigu.
92%
Co oznacza Czarna Flaga z Pomarańczowym Kółkiem?Informuje o awarii pojazdu.
75%
Co oznacza Biała Flaga?Powolny pojazd.
47%
Co oznacza Żółta flaga z Czerwonymi paskami?Śliska nawierzchnia.
44%

Rozkład punktacji

Percentyl według liczby udzielonych odpowiedzi

Procent ludzi z każdym wynikiem

Twoja historia wyników

Nie rozwiązałeś tego quizu